Statistics for Two Hit Wonders

Click here to take the quiz!

General Stats

  • This quiz has been taken 45 times
  • The average score is 9 of 15

Answer Stats

HintAnswer% Correct
"Gangnam Style", "Gentleman"PSY
86%
"Born to Be Wild", "Magic Carpet Ride"Steppenwolf
86%
"Le Freak", "Good Times"Chic
72%
"We Are Young", "Some Nights"fun.
65%
"Rock You Like a Hurricane", "Wind of Change"The Scorpions
65%
"Party Rock Anthem", "Sexy and I Know It"LMFAO
63%
"(I Just) Died in Your Arms", "I've Been in Love Before"Cutting Crew
60%
"Carry on Wayward Son", "Dust in the Wind"Kansas
60%
"We're Not Gonna Take It", "I Wanna Rock"Twisted Sister
58%
"Radar Love", "Twilight Zone"Golden Earring
47%
"Bang Your Head (Metal Health)", "Cum on Feel the Noize"Quiet Riot
44%
"Luka", "Tom's Diner"Suzanne Vega
42%
"Frankenstein", "Free Ride"The Edgar Winter Group
40%
"Wild Thing", "Funky Cold Medina"Tone Lōc
40%
"Down With the Sickness", "The Sound of Silence"Disturbed
37%

Score Distribution

Percentile by Number Answered

Percent of People with Each Score

Your Score History

You have not taken this quiz